Normal view
MARC view
- Hudson, Robert Y
Entry Personal Name
001 - CONTROL NUMBER
- control field: 46605
003 - CONTROL NUMBER IDENTIFIER
- control field: NUST
005 - DATE AND TIME OF LATEST TRANSACTION
- control field: 20210314133550.0
008 - FIXED-LENGTH DATA ELEMENTS
- fixed length control field: 210314|| aca||aabn | a|a d
040 ## - CATALOGING SOURCE
- Original cataloging agency: NUST
- Transcribing agency: NUST
100 ## - HEADING--PERSONAL NAME
- Personal name: Hudson, Robert Y
670 ## - SOURCE DATA FOUND
- Source citation: Work cat.: (NUST): Case histories of the design, construction, and maintenance of rubble mound structures :, c1995.
